Ancillary mathematics
Αποθηκεύτηκε σε:
| Κύριος συγγραφέας: | |
|---|---|
| Άλλοι συγγραφείς: | |
| Μορφή: | Βιβλίο |
| Γλώσσα: | English |
| Δημοσίευση: |
London :
Pitman,
1964.
|
| Έκδοση: | 2nd ed. |
| Θέματα: | |
| Ετικέτες: |
Προσθήκη ετικέτας
Δεν υπάρχουν, Καταχωρήστε ετικέτα πρώτοι!
|
MARC
| LEADER | 00000cam a2200000 i 4500 | ||
|---|---|---|---|
| 001 | 1/95689 | ||
| 008 | 081017s1964 enk| ||| |||| ||eng|| | ||
| 035 | |l 10100993 | ||
| 040 | |a GR-MyUa |b gre |e AACR2 | ||
| 041 | 0 | |a eng | |
| 082 | 7 | |a 510 |2 (22) | |
| 100 | 1 | |a Massey, Harrie Stewart Wilson, |c Sir, |d 1908-1983. | |
| 245 | 1 | 0 | |a Ancillary mathematics / |c by H.S.W. Massey and H. Kestelman. |
| 250 | |a 2nd ed. | ||
| 260 | |a London : |b Pitman, |c 1964. | ||
| 300 | |a 1053 σ. : |b εικ. ; |c 22 εκ. | ||
| 500 | |a Περιλαμβάνει ευρετήριο. | ||
| 650 | 0 | |a Mathematical physics. | |
| 650 | 0 | |a Mathematics. | |
| 700 | 1 | |a Kestelman, H. |q (Hyman) | |
| 852 | |a INST |b SAMOS |c MAG |e 20081017 |h 510 MAS |p 005300029937 |q 005300029937 |t BK |y 0 | ||
| 901 | |a BIBL3-2008-3 | ||
| 970 | |a ΣΙΤΖΙΜΗ |b ΓΙΑΣΕΜΗ |z 2008/10/17 | ||